[Event "Usti nad Labem op U13/15"]
[Site "Usti nad Labem"]
[Date "2007.06.21"]
[Round "1"]
[White "Braun, Marek"]
[Black "Pfeffer, Erik"]
[Result "1/2-1/2"]
[WhiteElo "2018"]
[BlackElo "1756"]
[PlyCount "81"]
[EventDate "2007.06.21"]
[EventType "swiss"]
[EventRounds "7"]
[EventCountry "CZE"]
[SourceTitle "EXT 2008"]
[Source "ChessBase"]
[SourceDate "2007.11.25"]
[SourceVersion "1"]
[SourceVersionDate "2007.11.25"]
[SourceQuality "1"]

1. e4 c5 2. Nf3 Nc6 3. d4 cxd4 4. Nxd4 Nf6 5. Nc3 e6 6. Be3 Bb4 7. f3 Qa5 8. Qd2 0-0 9. Nb3 Bxc3 10. bxc3 Qc7 11. Bc5 Re8 12. Bd6 Qd8 13. g4 b6 14. h4 Bb7 15. c4 Rc8 16. Be2 e5 17. 0-0-0 Na5 18. Nxa5 bxa5 19. c5 a6 20. Rdg1 Rc6 21. h5 Re6 22. g5 Ne8 23. Bc4 Rexd6 24. Bxf7+ Kxf7 25. cxd6 Rxd6 26. Qc3 Qc7 27. g6+ hxg6 28. Qb3+ Ke7 29. hxg6 Qb6 30. Qxb6 Rxb6 31. Rh5 Re6 32. Rgg5 Nf6 33. Rh8 Bc6 34. Rb8 Bb5 35. Kd2 Bc6 36. c4 Bxe4 37. Ke3 Bc6 38. Rh8 Bb7 39. Rh2 Kd6 40. Rg3 Kc5 41. Kd3 1/2-1/2

[Event "CZE-ch U14"]
[Site "Sec u Chrudimi"]
[Date "2007.03.17"]
[Round "9"]
[White "Premus, Jan"]
[Black "Pfeffer, Erik"]
[Result "1/2-1/2"]
[WhiteElo "1250"]
[BlackElo "1902"]
[PlyCount "65"]
[EventDate "2007.03.10"]
[EventType "swiss"]
[EventRounds "9"]
[EventCountry "CZE"]
[SourceTitle "EXT 2008"]
[Source "ChessBase"]
[SourceDate "2007.11.25"]
[SourceVersion "1"]
[SourceVersionDate "2007.11.25"]
[SourceQuality "1"]

1. e4 c5 2. d4 cxd4 3. c3 d3 4. Bxd3 d6 5. Nf3 Nc6 6. 0-0 g6 7. c4 Bg7 8. Nc3 Nf6 9. h3 0-0 10. Be3 Nd7 11. g4 Nde5 12. Nxe5 Nxe5 13. f4 Nxd3 14. Qxd3 Bd7 15. f5 Qc7 16. Nd5 Qd8 17. g5 e6 18. f6 exd5 19. fxg7 Re8 20. cxd5 Qe7 21. Bd4 Qxe4 22. Qxe4 Rxe4 23. Bf6 Rae8 24. Kg2 Re2+ 25. Rf2 Bxh3+ 26. Kg3 R8e3+ 27. Rf3 Rxf3+ 28. Kxf3 Re8 29. Rc1 a6 30. Rc7 Bc8 31. Rc3 Bf5 32. Re3 Rxe3+ 33. Kxe3 1/2-1/2

[Event "CZE-ch U14"]
[Site "Sec u Chrudimi"]
[Date "2007.03.13"]
[Round "5"]
[White "Pfeffer, Erik"]
[Black "Seidl, Antonin"]
[Result "1/2-1/2"]
[WhiteElo "1857"]
[BlackElo "1846"]
[PlyCount "46"]
[EventDate "2007.03.10"]
[EventType "swiss"]
[EventRounds "9"]
[EventCountry "CZE"]
[SourceTitle "EXT 2008"]
[Source "ChessBase"]
[SourceDate "2007.11.25"]
[SourceVersion "1"]
[SourceVersionDate "2007.11.25"]
[SourceQuality "1"]

1. e4 Nc6 2. Nf3 d6 3. d4 Bg4 4. Be3 g6 5. h3 Bxf3 6. Qxf3 Bg7 7. c3 Nf6 8. Bd3 Nd7 9. Qe2 e5 10. d5 Ne7 11. 0-0 0-0 12. Nd2 f5 13. f3 f4 14. Bf2 Kf7 15. Rfc1 h5 16. Kf1 Bf6 17. Ke1 Ng8 18. Kd1 Bh4 19. Kc2 Bxf2 20. Qxf2 Ngf6 21. Rg1 Rg8 22. Be2 Qf8 23. Nb3 g5 1/2-1/2

[Event "CZE-ch U14"]
[Site "Sec u Chrudimi"]
[Date "2007.03.12"]
[Round "4"]
[White "Nguyen, Dinh Phong"]
[Black "Pfeffer, Erik"]
[Result "1-0"]
[WhiteElo "1771"]
[BlackElo "1857"]
[PlyCount "67"]
[EventDate "2007.03.10"]
[EventType "swiss"]
[EventRounds "9"]
[EventCountry "CZE"]
[SourceTitle "EXT 2008"]
[Source "ChessBase"]
[SourceDate "2007.11.25"]
[SourceVersion "1"]
[SourceVersionDate "2007.11.25"]
[SourceQuality "1"]

1. e4 c5 2. d4 cxd4 3. c3 dxc3 4. Nxc3 Nc6 5. Nf3 g6 6. Bc4 Bg7 7. Be3 e6 8. Qe2 Nge7 9. 0-0 0-0 10. Rfd1 a6 11. Rac1 Qa5 12. Bb3 f5 13. Bd2 Qd8 14. Be1 Qe8 15. Nd5 Nxd5 16. exd5 exd5 17. Bxd5+ Kh8 18. Qxe8 Rxe8 19. Ng5 Ne5 20. Bc3 h6 21. Nf7+ Nxf7 22. Bxf7 Rf8 23. Bxg6 Bxc3 24. Rxc3 Kg7 25. Rg3 d5 26. Bxf5+ Kf6 27. Bc2 Bf5 28. Bxf5 Kxf5 29. Rxd5+ Ke6 30. Rgd3 Rac8 31. g3 Rc6 32. R5d4 b5 33. Re4+ Kf6 34. Rf3+ 1-0

[Event "CZE-ch U14"]
[Site "Sec u Chrudimi"]
[Date "2007.03.11"]
[Round "2"]
[White "Bures, Jaroslav"]
[Black "Pfeffer, Erik"]
[Result "1-0"]
[WhiteElo "2107"]
[BlackElo "1857"]
[PlyCount "63"]
[EventDate "2007.03.10"]
[EventType "swiss"]
[EventRounds "9"]
[EventCountry "CZE"]
[SourceTitle "EXT 2008"]
[Source "ChessBase"]
[SourceDate "2007.11.25"]
[SourceVersion "1"]
[SourceVersionDate "2007.11.25"]
[SourceQuality "1"]

1. e4 c5 2. Nf3 Nc6 3. d4 cxd4 4. Nxd4 g6 5. Nc3 Bg7 6. Be3 Nf6 7. Nxc6 bxc6 8. e5 Nd5 9. Nxd5 cxd5 10. Qxd5 Rb8 11. Bd4 0-0 12. Bc3 Bb7 13. Qc5 d6 14. Qxa7 Bxe5 15. Bxe5 dxe5 16. Qe3 Qa5+ 17. c3 Bc6 18. b4 Qa3 19. Qc1 Ra8 20. Qxa3 Rxa3 21. c4 Rfa8 22. b5 Bb7 23. c5 Rxa2 24. Rxa2 Rxa2 25. c6 Ba8 26. g3 e4 27. Bg2 f5 28. 0-0 Rc2 29. f3 e3 30. f4 Kf7 31. Ra1 Bxc6 32. Bxc6 1-0

[Event "CZE-ch U14"]
[Site "Zlate Hory"]
[Date "2006.03.14"]
[Round "5"]
[White "Kracik, Tomas"]
[Black "Pfeffer, Erik"]
[Result "1-0"]
[WhiteElo "1938"]
[BlackElo "1701"]
[PlyCount "113"]
[EventDate "2006.03.11"]
[EventType "swiss"]
[EventRounds "9"]
[EventCountry "CZE"]
[SourceTitle "EXT 2008"]
[Source "ChessBase"]
[SourceDate "2007.11.25"]
[SourceVersion "1"]
[SourceVersionDate "2007.11.25"]
[SourceQuality "1"]

1. e4 c5 2. Nc3 Nc6 3. g3 g6 4. Bg2 Bg7 5. d3 Nf6 6. Bd2 d6 7. Qc1 0-0 8. Bh6 e6 9. Bxg7 Kxg7 10. Nge2 d5 11. 0-0 d4 12. Nd1 e5 13. f4 Bg4 14. Qd2 Nh5 15. f5 Bxe2 16. Qxe2 Qg5 17. Rf3 Ne7 18. h4 Qf6 19. g4 Nf4 20. Rxf4 exf4 21. g5 Qe5 22. f6+ Kg8 23. fxe7 Qxe7 24. Qf3 Qe5 25. Nf2 f5 26. Re1 Rae8 27. Nh3 b6 28. Kf1 a5 29. Re2 b5 30. Ng1 c4 31. exf5 Qxf5 32. Re4 Rxe4 33. Qxe4 Qxe4 34. Bxe4 cxd3 35. Bxd3 b4 36. Ne2 Kg7 37. Kf2 h6 38. Nxd4 Kh7 39. Ne6 Rf7 40. Kf3 Re7 41. Nxf4 Re1 42. Bxg6+ Kg7 43. Bd3 hxg5 44. hxg5 Ra1 45. Bc4 Rc1 46. Bb3 Rb1 47. Nd3 Rg1 48. Kf4 Rf1+ 49. Ke5 Kg6 50. Kd4 Kxg5 51. Kc4 Rf5 52. Nc5 Kf6 53. Kb5 Ke7 54. Kb6 Rf6+ 55. Kxa5 Rc6 56. Nd3 Kd6 57. Nxb4 1-0